Fuori binario : bisessualità maschile e identità virile /

Sparad:
Bibliografiska uppgifter
Huvudupphov: Burgio, Giuseppe, (1970- ) (Författare, medförfattare)
Materialtyp: Bok
Språk:italienska
Utgiven: Milano ; Udine : Mimesis, 2021
Serie:Mimesis. LGBT ; 25
Taggar: Lägg till en tagg
Inga taggar, Lägg till första taggen!

MARC

LEADER 00000nam a2200000 i 4500
001 IT\ICCU\VIA\0468981
003 ItRI
005 20260115232115.0
008 211103s2021 it |||||| |||||0|||||c
020 |a 9788857579214 
040 |b ita  |c importazione bologna sebina 
041 7 |a ita  |2 ISO-639-2 
082 |a 306.765  |9 ISTITUZIONI ATTINENTI ALLE RELAZIONI TRA I SESSI. ORIENTAMENTO SESSUALE, IDENTITA TRANSGENERE, INTERSESSUALITA. Bisessualità  |2 23 
100 1 |a Burgio, Giuseppe,  |d  (1970- )  |0 IT\ICCU\PISV\002708  |4 aut 
240 1 0 |a Fuori binario  |3 IT\ICCU\VIA\0468982  |9 Burgio, Giuseppe <1970- > 
245 1 0 |a Fuori binario :  |b bisessualità maschile e identità virile /  |c Giuseppe Burgio. 
260 |a Milano ;  |a Udine :  |b Mimesis,  |c 2021 
300 |a 200 p. ;  |c 21 cm 
830 0 |a Mimesis. LGBT ;  |v 25  |0 IT\ICCU\UBO\3672838 
942 |2 ddc  |c BK  |n 0 
952 |0 0  |1 0  |4 0  |6 B_306_765000000000000_BUR  |7 0  |9 20157  |a BO  |b BO  |d 2026-01-15  |i 19393  |l 0  |o B 306.765 BUR  |p BO19393  |r 2026-01-15 23:21:15  |w 2026-01-15  |x [Sebina 5] [1 v.]  |y BK  |z 1 v. 
999 |c 17188  |d 17188